Pintura china tradicional
Saved in:
| Main Authors: | , |
|---|---|
| Format: | Bog |
| Sprog: | spansk |
| Udgivet: |
Beijing
China Intercontinental
2000
|
| Serier: | Series Básicas de China
|
| Fag: | |
| Tags: |
Tilføj Tag
Ingen Tags, Vær først til at tagge denne postø!
|
MARC
| LEADER | 00000nam a2200000 a 4500 | ||
|---|---|---|---|
| 001 | UCL4800 | ||
| 003 | CL-VaPUC | ||
| 005 | 20240906114551.0 | ||
| 008 | 040227e20000000ch |||||||||||||||||spa|d | ||
| 999 | |c 307567 |d 307565 | ||
| 020 | |a 7801137213 | ||
| 040 | |c Pontificia Universidad Católica de Valparaíso | ||
| 082 | 0 | 4 | |a 759.951 ZHA 2000 |2 21 |
| 100 | 0 | |a Zhang, Jiayi |e author |9 482456 | |
| 245 | 1 | 0 | |a Pintura china tradicional |
| 260 | |a Beijing |b China Intercontinental |c 2000 | ||
| 300 | |a 171 p | ||
| 490 | 0 | |a Series Básicas de China | |
| 583 | |a last modification |c 20130822 02:22:09 |k Rodrigo Vera | ||
| 650 | 0 | |a Arte chino |9 347015 | |
| 650 | 0 | |a Pintura china |9 333445 | |
| 650 | 0 | |a Estilos artísticos |9 340996 | |
| 650 | 0 | |a Historia del arte |9 314877 | |
| 651 | 0 | |a China |9 257545 | |
| 700 | 0 | |a Nie, Chongzheng |e author |9 482457 | |
| 942 | |c BK |2 ddc | ||
| 945 | |d 20040227 00:00:00 |a cmena | ||
| 952 | |0 0 |1 0 |4 0 |6 759_951000000000000_ZHA_2000 |7 0 |8 A |9 373588 |a BIBGIM |b BIBGIM |d 2019-11-21 |i 3971821 |o 759.951 ZHA 2000 |p 3971821 |r 2025-01-15 |w 2019-11-21 |y BK |k ORI | ||
| 952 | |0 0 |1 0 |2 ddc |4 0 |6 759_951000000000000_ZHA_2000 |7 0 |8 A |9 551477 |a BIBGIM |b BIBGIM |d 2020-02-26 |i 5614392 |o 759.951 ZHA 2000 |p 5614392 |r 2025-01-15 |t 1 |w 2020-02-26 |y BK |k ORI | ||